| 000 | 01175nac a22002891u 4500 | ||
|---|---|---|---|
| 008 | 100310t xxu||||| |||| 00| 0 eng d | ||
| 010 | _a 2001028985 | ||
| 020 | _a0714651079 (cloth) | ||
| 020 | _a0714681458 (paper) | ||
| 082 | 0 | 0 |
_a327.01 _bLEV |
| 100 |
_a20080729 _912395 |
||
| 245 | 0 | 0 |
_aFrom geopolitics to global politics : _ba French connection / _ceditor, Jacques LeÌ?vy. |
| 260 |
_aLondon ; _aPortland, OR : _bF. Cass,2001 _c2001. |
||
| 300 |
_a217 p. : _bill., maps ; _c23 cm. |
||
| 440 | 0 |
_a[Cass studies in geopolitics, _912396 |
|
| 500 | _aSeries statement on jacket. | ||
| 500 | _adistributer: Al-Ahram | ||
| 504 | _aIncludes bibliographical references and index. | ||
| 511 | _acatalogued by: wessam | ||
| 650 | 0 |
_aWorld politics _y1989- _912397 |
|
| 650 | 0 |
_aGeopolitics. _912398 |
|
| 650 | 0 |
_aSecurity, International. _912399 |
|
| 700 | 1 |
_aLevy, Jacques, _d1952- _912400 |
|
| 856 | 4 | 2 |
_3Publisher description _uhttp://www.loc.gov/catdir/enhancements/fy0652/2001028985-d.html |
| 942 |
_cBB _k327.01LEV _2ddc |
||
| 999 |
_c7188 _d7188 |
||